000 01299cam a2200325 i 4500
001 25174
003 Mx-PuUPA
005 20251009161229.0
008 140415s1996 000 0 spa d
020 _a9786076057766
040 _cMx-PuUPA
_aMx-PuUPA
_bspa
_dMx-PuUPA
_erda
041 0 _aspa
043 _an-mx---
245 1 0 _aRelecturas a la historia del muralismo mexicano :
_b1922-1927 /
_cInstituto Nacional de Bellas Artes [editor] ; Alejandra de la Paz, coordinación general
250 _aPrimera edición
264 1 _aCiudad de México :
_bInstituto Nacional de Bellas Artes,
_c2023
300 _a150 páginas :
_bilustraciones (principalmente a color) ;
_c28 cm
336 _2rdacontent
_atexto
_btxt
337 _2rdamedia
_asin medio
_bn
338 _2rdacarrier
_avolumen
_bnc
650 7 _2armarc
_aPintura mural
_zMéxico
_xHistoria
650 7 _2armarc
_aArte Mexicano
_xHistoria
_ySiglo XX
650 7 _2armarc
_aPintura mural mexicana
_xHistoria
_ySiglo XX
700 1 _aPaz, Alejandra de la,
_ecoordinador
_917428
710 1 _aInstituto Nacional de Bellas Artes
_eeditor
942 _2ddc
_cLI
_h751.730972
_iR38
999 _c25174
_d25174